|
|
|
|
| LEADER |
00000nas a22000001 4500 |
| 001 |
ssj0000943 |
| 003 |
WaSeSS |
| 005 |
20200512172242.0 |
| 006 |
m d |
| 007 |
cr n |
| 008 |
760115c19109999enkwr pes 0 a0eng |
| 010 |
|
|
|a 18006784
|
| 016 |
|
|
|a (AMICUS)000000141287
|
| 016 |
7 |
|
|a 000271429
|2 IsJJNL
|
| 016 |
7 |
|
|a 009543786
|2 Uk
|
| 022 |
|
|
|l 0040-7887
|y 0040-7887
|
| 035 |
|
|
|a (WaSeSS)ssj0000943
|
| 040 |
|
|
|a DLC
|b eng
|c DLC
|d NSD
|d DLC
|d OCL
|d AIP
|d NST
|d OCL
|d NSD
|d NST
|d WAU
|d SYS
|d OCLCQ
|d DLC
|d CDS
|d DLC
|d OCLCQ
|d DLC
|d CNU
|d NLGGC
|d OCLCQ
|d J9U
|d OCLCQ
|d OCLCO
|d OCLCQ
|d OCLCF
|d CQ$
|d UPM
|d OCLCO
|d UPM
|d LIP
|d CUS
|d UKMGB
|d YT1
|d NLC
|d OCLCQ
|d PAU
|d OCLCQ
|d HUELT
|d OCLCQ
|d L2U
|d WaSeSS
|
| 042 |
|
|
|a pcc
|a nsdp
|
| 050 |
0 |
0 |
|a L16
|b .T6
|
| 082 |
0 |
4 |
|a 370/.5
|
| 210 |
0 |
|
|a Times educ. suppl.
|
| 222 |
|
4 |
|a The Times educational supplement
|
| 245 |
0 |
4 |
|a The Times educational supplement
|h [electronic resource].
|
| 246 |
3 |
0 |
|a TES
|
| 260 |
|
|
|a London,
|b Times Newspapers.
|
| 310 |
|
|
|a Weekly,
|b Jan. 4, 1917-
|
| 321 |
|
|
|a Monthly,
|b Sept. 1910-Dec. 1916
|
| 362 |
0 |
|
|a [1st]- year (no. 1- ); Sept. 1910-
|
| 500 |
|
|
|a Issues for <July 17, 1992-> also have title: TES.
|
| 506 |
|
|
|a License restrictions may limit access.
|
| 525 |
|
|
|a Some issues have supplemental inserts.
|
| 580 |
|
|
|a Beginning November 2015, absorbed: TES jobs.
|
| 580 |
|
|
|a Accompanied by: TES Friday; and: TES jobs.
|
| 580 |
|
|
|a Has companion publication: TES online.
|
| 588 |
|
|
|a Latest issue consulted: No. 5171 (6 November 2015).
|
| 650 |
|
0 |
|a Education
|v Periodicals.
|
| 650 |
|
7 |
|a 81.00 teaching: general.
|0 (NL-LeOCL)077600096
|2 bcl
|
| 650 |
|
7 |
|a Education.
|2 fast
|0 (OCoLC)fst00902499
|
| 650 |
1 |
7 |
|a Onderwijs.
|2 gtt
|
| 653 |
|
0 |
|a Education
|
| 655 |
|
0 |
|a Electronic journals.
|
| 730 |
0 |
|
|a Times (London, England)
|
| 772 |
0 |
8 |
|i Supplement to (work):
|t Times (London, England)
|w (DLC)sn 85054080
|w (OCoLC)6967919
|
| 776 |
0 |
8 |
|i Microfilm version:
|t Times educational supplement
|w (DLC) 2004205892
|w (OCoLC)55650777
|
| 780 |
0 |
5 |
|t TES jobs
|w (OCoLC)173382109
|
| 787 |
1 |
|
|t TES Friday
|w (DLC) 2003200683
|w (OCoLC)38934049
|
| 787 |
1 |
|
|t TES jobs
|w (OCoLC)173382109
|
| 787 |
1 |
|
|t TES online
|w (DLC) 2004206363
|w (OCoLC)40116919
|
| 850 |
|
|
|a CU-Riv
|a CaNBSU
|a CaOWtU
|a CoU
|a DLC
|a MoSU
|a NcRS
|a OU
|a PU
|
| 853 |
2 |
0 |
|8 1
|a no.
|i (year)
|j (month)
|k (day)
|w w
|
| 853 |
3 |
3 |
|8 1
|a (year)
|b (month)
|
| 856 |
4 |
0 |
|z Full text available from Research Library: 01/04/2008 to 6 months ago
|u https://search.proquest.com/publication/30534
|
| 863 |
4 |
1 |
|8 1.1
|a <4550>
|i <2003>
|j <09>
|k <19>
|
| 863 |
4 |
0 |
|8 1
|a <1964>-
|x provisional
|